| 000 | 02681nam a22001817a 4500 | ||
|---|---|---|---|
| 999 |
_c14777 _d14777 |
||
| 003 | OSt | ||
| 082 | _2631.75807 LAK/DE | ||
| 088 | _aT 350 | ||
| 100 |
_aLakshminarayana S.V _93528 |
||
| 245 | _aDevelopment of an Automatic Cleaning Mechanism for Roof Water Harvesting | ||
| 260 |
_aK.C.A.E.T Thavanur _bDEPARTMENT OF LAND & WATER RESOURCES AND CONSERVATION ENGINEERING |
||
| 300 | _a82 | ||
| 650 |
_aRoof water Harvesting/ Automatic Cleaning Mechanism/ Water conservation/ Rooftop rain water/ Drinking Water/ Purification System/ Clogging Water/ Mesh Fitter/ Washing Mechanism/ Cleaning efficiency _93529 |
||
| 700 |
_aDr. Sathian K.K (Gudie) _93530 |
||
| 856 | _uhttps://drive.google.com/open?id=1sityMu2RbkRcASXW5ZqCRR_1S_Zf5Jow | ||
| 942 | _cTH | ||